爷爷的牙,我的牙 / (Record no. 10018)
[ view plain ]
| 000 -LEADER | |
|---|---|
| fixed length control field | 00967nam a22002057a 4500 |
| 001 - CONTROL NUMBER | |
| control field | 10018 |
| 003 - CONTROL NUMBER IDENTIFIER | |
| control field | FISKH |
| 005 - DATE AND TIME OF LATEST TRANSACTION | |
| control field | 20260401113241.0 |
| 008 - FIXED-LENGTH DATA ELEMENTS--GENERAL INFORMATION | |
| fixed length control field | 260330b cb ||||| |||| 00| 0 eng d |
| 020 ## - INTERNATIONAL STANDARD BOOK NUMBER | |
| International Standard Book Number | 9787802467897 |
| 040 ## - CATALOGING SOURCE | |
| Original cataloging agency | FISKH |
| Language of cataloging | chi |
| Transcribing agency | FISKH |
| Modifying agency | FISKH |
| 082 ## - DEWEY DECIMAL CLASSIFICATION NUMBER | |
| Classification number | 813 |
| 100 ## - MAIN ENTRY--PERSONAL NAME | |
| Personal name | 应璐 (Ying Lu) |
| 245 ## - TITLE STATEMENT | |
| Title | 爷爷的牙,我的牙 / |
| Statement of responsibility, etc. | By 应璐 (Ying Lu) |
| 300 ## - PHYSICAL DESCRIPTION | |
| Extent | 32 unnumbered pages : |
| Other physical details | color illustrations ; |
| Dimensions | 25 cm . |
| 520 ## - SUMMARY, ETC. | |
| Summary, etc. | 这本书讲述了一个小男孩和他的爷爷之间温暖、有趣的故事。书中通过小男孩换牙的经历,让他对爷爷的牙齿产生了好奇,两人之间发生了许多互动和对话。在这个过程中,孩子不仅了解了牙齿的变化,也体会到了爷爷的关爱与家庭的温暖。整本书画风柔和、充满童趣,适合儿童阅读,同时传递了亲情和成长的主题。 |
| 700 ## - ADDED ENTRY--PERSONAL NAME | |
| Personal name | 张卫东 (Zhang Weidong) |
| 942 ## - ADDED ENTRY ELEMENTS (KOHA) | |
| Source of classification or shelving scheme | Dewey Decimal Classification |
| Koha item type | Chinese Book |
| Suppress in OPAC | No |
| Withdrawn status | Lost status | Source of classification or shelving scheme | Damaged status | Not for loan | Collection | Home library | Current library | Shelving location | Date acquired | Total Checkouts | Full call number | Barcode | Date last seen | Price effective from | Koha item type |
|---|---|---|---|---|---|---|---|---|---|---|---|---|---|---|---|
| Dewey Decimal Classification | Reference | Footprints International School Library Network Toul Tom Poung Campus | Footprints International School Library Network Toul Tom Poung Campus | Librarian's Shelf TTP | 03/30/2026 | 应璐 813 | 2026-0400 | 03/30/2026 | 03/30/2026 | Books |
